书目信息 |
| 题名: |
英语科普小品
|
|
| 作者: | ;北京工业学院外语组 编 | |
| 分册: | ||
| 出版信息: | 北京 商务印书馆 1978 |
|
| 页数: | 222页 | |
| 开本: | 19cm | |
| 丛书名: | ||
| 单 册: | ||
| 中图分类: | H319.4:N , H31 | |
| 科图分类: | ||
| 主题词: | 科学技术-英语--课外读物 , 英语-科学技术--课外读物 | |
| 电子资源: | ||
| ISBN: | ||
| 000 | 00680nam0 2200241 450 | |
| 001 | 1560623774 | |
| 005 | 20150119165105.10 | |
| 010 | @dCNY1.00 | |
| 091 | @a9017.787 | |
| 100 | @a19950718d1978 em y0chiy0110 ea | |
| 101 | 0 | @achi@aeng |
| 102 | @aCN@b110000 | |
| 105 | @ay z 000yy | |
| 200 | 1 | @a英语科普小品@9ying yu ke pu xiao pin@f北京工业学院外语组编 |
| 210 | @a北京@c商务印书馆@d1978 | |
| 215 | @a222页@d19cm | |
| 606 | 0 | @a科学技术-英语@x课外读物 |
| 606 | 0 | @a英语-科学技术@x课外读物 |
| 690 | @aH319.4:N@v5 | |
| 690 | @aH31@v4 | |
| 711 | 02 | @a北京工业学院外语组@9bei jing gong ye xue yuan wai yu zu@4编 |
| 801 | 0 | @aCN@bTSSF@c20150115 |
| 905 | @aZUCC@dH31@eJY107 | |
| 英语科普小品/北京工业学院外语组编.-北京:商务印书馆,1978 |
| 222页;19cm |
| ISBN :CNY1.00 |
| ● |
| 相关链接 |
|
|
|
|
正题名:英语科普小品
索取号:H31/JY107
 
预约/预借
| 序号 | 登录号 | 条形码 | 馆藏地/架位号 | 状态 | 备注 |
| 1 | 7836174 | 278361746 | 学院路分馆/ [索取号:H31/JY107] | 在馆 | |
| 2 | 7836175 | 278361755 | 学院路分馆/ [索取号:H31/JY107] | 在馆 |